Strangers - Kenya Grace - All Lyrics - Statistics

General Stats
  • This quiz has been taken 85 times
  • The average score is 276 of 332
Answer Stats
Answer % Correct
uh
99%
Uh-huh,
99%
uh-huh,
99%
uh-huh
99%
we
99%
and
97%
And
97%
I
97%
you
97%
You
97%
to
96%
back
94%
for
94%
go
94%
(Go
94%
in
94%
me
94%
strangers
94%
strangers)
94%
the
94%
car
93%
get
93%
on
93%
kiss
91%
ever
90%
We'll
90%
We’ll
90%
we'll
90%
Well,
90%
hours
88%
talk
88%
your
88%
It
87%
it
87%
it?
87%
it?)
87%
like
87%
When
87%
when
87%
you'll
87%
every
85%
Every
85%
backseat
84%
lean
84%
this
84%
this?
84%
change
82%
goes
81%
night
81%
then
81%
everything
79%
changes
78%
was
78%
lie
76%
one
75%
won't
75%
always
73%
It’s
73%
It's
73%
(It's
73%
my
72%
reply
72%
déjà
70%
(Déjà
70%
same
70%
vu
70%
vu)
70%
that
67%
That
67%
time
67%
ends
66%
is
66%
random
63%
somebody
63%
new
61%
say
61%
love
58%
stay
57%
But
55%
they
55%
will
55%
can
54%
feel
54%
How
54%
mean
54%
meet
54%
never
54%
Never
54%
did
52%
(Did
52%
just
52%
spoke
51%
know
49%
skin
49%
datin',
48%
months
48%
vulnerable
48%
(Vulnerable)
48%
date
46%
up
46%
breakin'
45%
hate
45%
something
43%
sound
43%
disposable
42%
sounds
42%
everyone’s
40%
word
40%
him
39%
endin'
37%
swear
36%
it'll
34%
timе
0%
No matching quizzes found
Score Distribution
Percent of People with Each Score
Percentile by Number Answered
Your Score History
You have not taken this quiz